<?xml version="1.0" encoding="UTF-8"?>
<record
    xmlns:xsi="http://www.w3.org/2001/XMLSchema-instance"
    xsi:schemaLocation="http://www.loc.gov/MARC21/slim http://www.loc.gov/standards/marcxml/schema/MARC21slim.xsd"
    xmlns="http://www.loc.gov/MARC21/slim">

  <leader>01494nam a22002897a 4500</leader>
  <datafield tag="999" ind1=" " ind2=" ">
    <subfield code="c">75343</subfield>
    <subfield code="d">75343</subfield>
  </datafield>
  <controlfield tag="005">20220921104109.0</controlfield>
  <controlfield tag="008">      s2558    th                  tha d</controlfield>
  <datafield tag="020" ind1=" " ind2=" ">
    <subfield code="a">9786163760128</subfield>
  </datafield>
  <datafield tag="040" ind1=" " ind2=" ">
    <subfield code="a">NALT</subfield>
  </datafield>
  <datafield tag="041" ind1=" " ind2=" ">
    <subfield code="a">tha</subfield>
  </datafield>
  <datafield tag="050" ind1=" " ind2=" ">
    <subfield code="a">HD 57.7 </subfield>
    <subfield code="b">&#xE21;661&#xE04; 2558</subfield>
  </datafield>
  <datafield tag="100" ind1="1" ind2=" ">
    <subfield code="a">&#xE21;&#xE39;&#xE19;, &#xE0A;&#xE2D;&#xE27;&#xE4C;&#xE19; &#xE14;&#xE35;.</subfield>
    <subfield code="9">21579</subfield>
  </datafield>
  <datafield tag="245" ind1="1" ind2="0">
    <subfield code="a">&#xE04;&#xE34;&#xE14;&#xE08;&#xE30;&#xE0A;&#xE19;&#xE30;&#xE15;&#xE49;&#xE2D;&#xE07;&#xE01;&#xE25;&#xE49;&#xE32;&#xE40;&#xE1A;&#xE35;&#xE22;&#xE14;&#xE41;&#xE0B;&#xE07; &#xE01;&#xE23;&#xE30;&#xE41;&#xE17;&#xE01;&#xE43;&#xE2B;&#xE49;&#xE41;&#xE23;&#xE07;&#xE17;&#xE34;&#xE49;&#xE07;&#xE04;&#xE39;&#xE48;&#xE41;&#xE02;&#xE48;&#xE07;&#xE44;&#xE21;&#xE48;&#xE40;&#xE2B;&#xE47;&#xE19;&#xE1D;&#xE38;&#xE48;&#xE19; = </subfield>
    <subfield code="b">The ultimate competitive advantage / </subfield>
    <subfield code="c">Shawn D. Moon &amp; Sue Dathe-Douglass ; &#xE41;&#xE1B;&#xE25; &#xE1E;&#xE31;&#xE19;&#xE41;&#xE2A;&#xE07; &#xE27;&#xE35;&#xE23;&#xE30;&#xE1B;&#xE23;&#xE30;&#xE40;&#xE2A;&#xE23;&#xE34;&#xE10;.</subfield>
  </datafield>
  <datafield tag="260" ind1=" " ind2=" ">
    <subfield code="a">&#xE01;&#xE23;&#xE38;&#xE07;&#xE40;&#xE17;&#xE1E;&#xE2F; : </subfield>
    <subfield code="b">&#xE14;&#xE35;&#xE40;&#xE2D;&#xE47;&#xE21;&#xE08;&#xE35;, </subfield>
    <subfield code="c">2558.</subfield>
  </datafield>
  <datafield tag="300" ind1=" " ind2=" ">
    <subfield code="a">365 &#xE2B;&#xE19;&#xE49;&#xE32; :</subfield>
    <subfield code="b">&#xE20;&#xE32;&#xE1E;&#xE1B;&#xE23;&#xE30;&#xE01;&#xE2D;&#xE1A; ;</subfield>
    <subfield code="c">21 &#xE0B;&#xE21;.</subfield>
  </datafield>
  <datafield tag="650" ind1=" " ind2="0">
    <subfield code="a">&#xE01;&#xE32;&#xE23;&#xE08;&#xE39;&#xE07;&#xE43;&#xE08;&#xE43;&#xE19;&#xE01;&#xE32;&#xE23;&#xE17;&#xE33;&#xE07;&#xE32;&#xE19;</subfield>
    <subfield code="9">5546</subfield>
  </datafield>
  <datafield tag="650" ind1=" " ind2="0">
    <subfield code="a">&#xE1B;&#xE23;&#xE30;&#xE2A;&#xE34;&#xE17;&#xE18;&#xE34;&#xE1C;&#xE25;&#xE2D;&#xE07;&#xE04;&#xE4C;&#xE01;&#xE32;&#xE23;</subfield>
    <subfield code="9">207</subfield>
  </datafield>
  <datafield tag="650" ind1=" " ind2="0">
    <subfield code="a">&#xE27;&#xE31;&#xE12;&#xE19;&#xE18;&#xE23;&#xE23;&#xE21;&#xE2D;&#xE07;&#xE04;&#xE4C;&#xE01;&#xE32;&#xE23;</subfield>
    <subfield code="9">6518</subfield>
  </datafield>
  <datafield tag="650" ind1=" " ind2="0">
    <subfield code="a">&#xE1E;&#xE24;&#xE15;&#xE34;&#xE01;&#xE23;&#xE23;&#xE21;&#xE2D;&#xE07;&#xE04;&#xE4C;&#xE01;&#xE32;&#xE23;</subfield>
    <subfield code="9">10153</subfield>
  </datafield>
  <datafield tag="650" ind1=" " ind2="4">
    <subfield code="a">&#xE20;&#xE32;&#xE27;&#xE30;&#xE1C;&#xE39;&#xE49;&#xE19;&#xE33;</subfield>
    <subfield code="9">5550</subfield>
  </datafield>
  <datafield tag="700" ind1="1" ind2=" ">
    <subfield code="9">21581</subfield>
    <subfield code="a">Moon, Shawn D.</subfield>
  </datafield>
  <datafield tag="700" ind1="1" ind2=" ">
    <subfield code="9">21583</subfield>
    <subfield code="a">Dathe-Douglass, Sue </subfield>
  </datafield>
  <datafield tag="700" ind1="0" ind2=" ">
    <subfield code="9">21584</subfield>
    <subfield code="a">&#xE1E;&#xE31;&#xE19;&#xE41;&#xE2A;&#xE07; &#xE27;&#xE35;&#xE23;&#xE30;&#xE1B;&#xE23;&#xE30;&#xE40;&#xE2A;&#xE23;&#xE34;&#xE10;</subfield>
  </datafield>
  <datafield tag="850" ind1=" " ind2=" ">
    <subfield code="a">NALT</subfield>
  </datafield>
  <datafield tag="942" ind1=" " ind2=" ">
    <subfield code="c">GB</subfield>
    <subfield code="0">2</subfield>
    <subfield code="2">lcc</subfield>
  </datafield>
  <datafield tag="998" ind1=" " ind2=" ">
    <subfield code="j">1020</subfield>
    <subfield code="k"> &#xE08;&#xE33;&#xE40;&#xE23;&#xE35;&#xE22;&#xE07; &#xE23;&#xE30;&#xE27;&#xE31;&#xE07;&#xE2A;&#xE33;&#xE42;&#xE23;&#xE07;</subfield>
  </datafield>
  <datafield tag="952" ind1=" " ind2=" ">
    <subfield code="0">0</subfield>
    <subfield code="1">0</subfield>
    <subfield code="2">lcc</subfield>
    <subfield code="4">0</subfield>
    <subfield code="7">0</subfield>
    <subfield code="8">CGBL</subfield>
    <subfield code="a">NALT</subfield>
    <subfield code="b">NALT</subfield>
    <subfield code="e">&#xE08;&#xE31;&#xE14;&#xE0B;&#xE37;&#xE49;&#xE2D;&#xE17;&#xE23;&#xE31;&#xE1E;&#xE22;&#xE32;&#xE01;&#xE23;</subfield>
    <subfield code="g">265.00</subfield>
    <subfield code="l">2</subfield>
    <subfield code="m">1</subfield>
    <subfield code="o">HD 57.7 &#xE21;661&#xE04; 2558</subfield>
    <subfield code="p">3961203599</subfield>
    <subfield code="r">2017-11-13 00:00:00</subfield>
    <subfield code="s">2017-10-30</subfield>
    <subfield code="v">315.00</subfield>
    <subfield code="w">2017-06-09</subfield>
    <subfield code="y">GB</subfield>
  </datafield>
</record>
